Statistics for Taylor Swift 53

Click here to take the quiz!

General Stats

  • This quiz has been taken 12 times
    (10 since last reset)
  • The average score is 416 of 498

Answer Stats

Answer% Correct
a
100%
and
100%
be
100%
can't
100%
how
100%
I
100%
like
100%
me
100%
no
100%
not
100%
to
100%
what
100%
when
100%
why
100%
you
100%
bad
80%
but
80%
'cause
80%
come
80%
do
80%
don't
80%
dream
80%
dreams
80%
for
80%
from
80%
get
80%
got
80%
I'll
80%
I'm
80%
in
80%
is
80%
it
80%
I've
80%
just
80%
lie
80%
list
80%
look
80%
made
80%
mine
80%
names
80%
nobody
80%
now
80%
of
80%
on
80%
once
80%
one
80%
ooh
80%
out
80%
red
80%
said
80%
sleep
80%
the
80%
then
80%
they
80%
thing's
80%
think
80%
time
80%
trust
80%
trusts
80%
up
80%
was
80%
you'll
80%
your
80%
yours
80%
about
60%
actress
60%
all
60%
another
60%
asked
60%
belonged
60%
check
60%
cool
60%
crime
60%
day
60%
dead
60%
drama
60%
feast
60%
fool
60%
games
60%
gun
60%
harder
60%
honey
60%
isn't
60%
karma
60%
keys
60%
kingdom
60%
laugh
60%
little
60%
locked
60%
maybe
60%
moves
60%
nick
60%
oh
60%
old
60%
perfect
60%
phone
60%
place
60%
play
60%
right
60%
role
60%
rose
60%
she's
60%
smarter
60%
sorry
60%
stage
60%
starring
60%
sure
60%
Taylor
60%
threw
60%
tilted
60%
twice
60%
underlined
60%
world
60%

Score Distribution

Percentile by Number Answered

Percent of People with Each Score

Your Score History

You have not taken this quiz since the last reset